| 000 | 00000nam##2200000za#4500 |
| 001 | 9.544098 |
| 003 | CaOODSP |
| 005 | 20200709171215 |
| 007 | ta |
| 008 | 150406|2006||||xxc||||| f|0| 0 eng|d |
| 040 | |aCaOODSP|beng |
| 041 | |aeng |
| 041 | |afre |
| 043 | |an-cn--- |
| 086 | 1 |aRv55-5/10-14-41-2006 |
| 110 | 2 |aCanada Border Services Agency. |
| 245 | 14|aThe tariff classification and quantity measurement of wood in the rough |
| 260 | |aOttawa - Ontario : |bCanada Border Services Agency |
| 300 | |aEnglish text, 2p. ; |c28 cm. |
| 490 | 1 |aCustoms D memoranda. D10, Tariff classification/commodities |vD10-14-41, December 6, 2006 |
| 563 | |aProcessed |
| 776 | 0#|tThe tariff classification and quantity measurement of wood in the rough |w(CaOODSP)9.579184 |
| 776 | 0#|tLe classement tarifaire et le jaugeage de bois bruts |w(CaOODSP)9.606758 |
| 792 | |tLe classement tarifaire et le jaugeage de bois bruts |efre|w(CaOODSP)9.544099 |
| 830 | #0|aCustoms D memoranda. D10, Tariff classification/commodities ;|vD10-14-41, December 6, 2006|w(CaOODSP)9.510860 |